| 000 | 00498nam a2200217Ia 4500 | ||
|---|---|---|---|
| 008 | 210210b xxu||||| |||| 00| 0 eng d | ||
| 041 | _aeng | ||
| 082 | _a821/198 | ||
| 100 | _aDAVENPORT (E) | ||
| 245 | _aComplete paraphrase of Miltons english sonnets | ||
| 260 |
_aBangalore _b _c |
||
| 650 | _asonnets | ||
| 650 | _aparaphrase | ||
| 650 | _aof | ||
| 650 | _aMiltons | ||
| 650 | _aenglish | ||
| 650 | _aComplete | ||
| 650 | _aComplere | ||
| 690 | _aEnglish Literature | ||
| 906 | _a011367 | ||
| 999 |
_c130042 _d130042 |
||